[Event "Berlin-ch U16"]
[Site "Berlin"]
[Date "2004.02.04"]
[Round "4"]
[White "Mirea, Jakob"]
[Black "Foerster, Kai"]
[Result "1/2-1/2"]
[WhiteElo "1430"]
[BlackElo "1158"]
[PlyCount "24"]
[EventDate "2004.04.??"]
[EventType "swiss"]
[EventRounds "7"]
[EventCountry "GER"]
[SourceTitle "EXT 2005"]
[Source "ChessBase"]
[SourceDate "2004.11.15"]
[SourceVersion "1"]
[SourceVersionDate "2004.11.15"]
[SourceQuality "1"]

1. d4 d5 2. c4 Nf6 3. Nf3 Bf5 4. e3 Bxb1 5. Rxb1 e6 6. Bd3 Bd6 7. 0-0 0-0 8. c5 Be7 9. Bd2 Nbd7 10. Bb5 c6 11. Bd3 Nh5 12. Ne5 Nhf6 1/2-1/2